NLSUI OPAC header image

The living U S constitution (Record no. 6903)

MARC details
000 -LEADER
fixed length control field 00388nam a2200157Ia 4500
008 - FIXED-LENGTH DATA ELEMENTS--GENERAL INFORMATION
fixed length control field 160316s1967 xxu||||| |||| 00| 0 eng d
082 ## - DEWEY DECIMAL CLASSIFICATION NUMBER
Classification number 342.730200
Item number PAD
100 ## - MAIN ENTRY--PERSONAL NAME
Personal name Padover Saul K
245 ## - TITLE STATEMENT
Title The living U S constitution
250 ## - EDITION STATEMENT
Edition statement
260 ## - PUBLICATION, DISTRIBUTION, ETC.
Place of publication, distribution, etc. Delhi
Name of publisher, distributor, etc. Atmaram & Sons
Date of publication, distribution, etc. 1967
300 ## - PHYSICAL DESCRIPTION
Extent 176p
Other physical details
Dimensions
365 ## - TRADE PRICE
Price amount Rs.3/-
650 ## - SUBJECT ADDED ENTRY--TOPICAL TERM
Topical term or geographic name entry element 1.Constitutional Law - U S A
700 ## - ADDED ENTRY--PERSONAL NAME
Personal name
--
Holdings
Withdrawn status Lost status Damaged status Not for loan Home library Current library Shelving location Date acquired Cost, normal purchase price Total Checkouts Full call number Barcode Date last seen Price effective from Koha item type
        . .   30.05.2017 3.00   342.7302 PAD 7114 30.05.2017 30.05.2017 BOOKs